Actas del simposio internacional de filosofía. (Registro nro. 3914)

Detalles MARC
000 -CABECERA
campo de control de longitud fija 01271nam a22002534a 4500
003 - IDENTIFICADOR DEL NÚMERO DE CONTROL
campo de control AR-RoIUNI
005 - FECHA Y HORA DE LA ÚLTIMA TRANSACCIÓN
campo de control 20241122062700.0
007 - CAMPO FIJO DE DESCRIPCIÓN FÍSICA--INFORMACIÓN GENERAL
campo de control de longitud fija ta
008 - DATOS DE LONGITUD FIJA--INFORMACIÓN GENERAL
campo de control de longitud fija 150616s2006 ag r 100 0 spa d
040 ## - FUENTE DE LA CATALOGACIÓN
Centro/agencia transcriptor AR-RoIUNI
080 ## - NÚMERO DE LA CLASIFICACIÓN DECIMAL UNIVERSAL
Número de la Clasificación Decimal Universal 1
111 2# - ENTRADA PRINCIPAL--NOMBRE DE CONGRESO/REUNIÓN
Nombre de congreso/reunión o jurisdicción como elemento de entrada Simposio internacional de filosofía
Fecha del congreso/reunión (2005 :
Sede del congreso/Lugar de la reunión Rosario, Argentina)
245 ## - MENCIÓN DE TÍTULO
Título Actas del simposio internacional de filosofía.
Número de parte o sección de la obra Vol. 2
Mención de responsabilidad, etc. Organizado y dirigido por Tomaso Bugossi y William Daros.
260 ## - PUBLICACIÓN, DISTRIBUCIÓN, ETC. (PIE DE IMPRENTA)
Lugar de publicación, distribución, etc. Rosario :
Nombre del editor, distribuidor, etc. UCEL,
Fecha de publicación, distribución, etc. 2006.
300 ## - DESCRIPCIÓN FÍSICA
Extensión 203 p. ;
Dimensiones 22 cm
500 ## - NOTA GENERAL
Nota general Simposio llevado a cabo los días 14 y 15 de octubre de 2005, en Rosario, Argentina.
505 2# - NOTA DE CONTENIDO CON FORMATO
Título La filosofía académica y la filosofía como modo de vida: su necesaria complementación /
Mención de responsabilidad Juan Carlos P. Ballesteros.
Título Reflexiones sobre la persona en la teorización de Michele Federico Sciacca /
Mención de responsabilidad Tomaso Bugossi.
Título La construcción del sujeto histórico: pistas hermenéuticas /
Mención de responsabilidad Fernando Aranda Fraga.
Título ¿Cómo recuperar el valor de filosofar hoy? /
Mención de responsabilidad Daniel Lasa.
Título Complejidad del filosofar: identidad del filosofar y diversidad de las filosofías /
Mención de responsabilidad W. R. Daros.
650 #4 - PUNTO DE ACCESO ADICIONAL DE MATERIA--TÉRMINO DE MATERIA
Término de materia o nombre geográfico como elemento inicial PSICOLOGÍA
9 (RLIN) 108
650 10 - PUNTO DE ACCESO ADICIONAL DE MATERIA--TÉRMINO DE MATERIA
Término de materia o nombre geográfico como elemento inicial Medicina
9 (RLIN) 58
650 #4 - PUNTO DE ACCESO ADICIONAL DE MATERIA--TÉRMINO DE MATERIA
Término de materia o nombre geográfico como elemento inicial FILOSOFÍA
9 (RLIN) 77
700 1# - PUNTO DE ACCESO ADICIONAL--NOMBRE DE PERSONA
Nombre de persona Bugossi,Tomaso.
9 (RLIN) 70
700 1# - PUNTO DE ACCESO ADICIONAL--NOMBRE DE PERSONA
Nombre de persona Daros, William R.
942 ## - ELEMENTOS DE PUNTO DE ACCESO ADICIONAL (KOHA)
Tipo de ítem Koha Libros
Fuente del sistema de clasificación o colocación Clasificación Decimal Universal
Existencias
Estado de retiro Estado de pérdida Fuente del sistema de clasificación o colocación Estado dañado Excepción de préstamo Código de colección Localización permanente Ubicación/localización actual Ubicación en estantería Fecha de adquisición Número de inventario Total de préstamos Signatura topográfica completa Código de barras Fecha visto por última vez Precio válido a partir de Tipo de ítem Koha
    Clasificación Decimal Universal     General BIBLIOTECA CENTRAL BIBLIOTECA CENTRAL BIBLIOTECA CENTRAL 12/09/2018 4113   1 ACT 4113c 12/09/2018 12/09/2018 Libros